| 000 | 00939nam a2200217 a 4500 | ||
|---|---|---|---|
| 008 | 120416s1992 ||||||||||||||||| || u | ||
| 020 | _a0748715177 | ||
| 050 | _aZ 699 WHI | ||
| 100 | _aBeckwith, Peter | ||
| 245 | 1 | 3 | _aAn illustrated information technology dictionary |
| 260 |
_aCheltenham _bStanley Thornes _c1992 |
||
| 300 | _a192 pages : illustrations | ||
| 350 | _a0.00 | ||
| 650 | _aINFORMATION | ||
| 650 | _aCOMPUTER SCIENCE--DICTIONARIES | ||
| 650 | _aINFORMATION TECHNOLOGY--DICTIONARIES | ||
| 700 | _aWhitcomb, Alan | ||
| 995 |
_aREFERENCE BOOKS _D0.00 _e7300556 _FCBU-MAIN LIBRARY (Kitwe) _H2 _I0.00 _jZ 699 Whi _M2 _UREFERENCE _y027489 _ZReference Collection |
||
| 995 |
_aREFERENCE BOOKS _D0.00 _e730554 _FCBU-MAIN LIBRARY (Kitwe) _H1 _I0.00 _jZ 699 Whi _M1 _UREFERENCE _y027576 _ZReference Collection |
||
| 995 |
_aREFERENCE BOOKS _D0.00 _e730555 _FCBU-MAIN LIBRARY (Kitwe) _H3 _I0.00 _jZ 699 Whi _M3 _UREFERENCE _y027490 _ZReference Collection |
||
| 999 |
_c76397 _d76397 |
||